| 000 -LEADER |
| fixed length control field |
00722nam a22001337a 4500 |
| 040 ## - CATALOGING SOURCE |
| Transcribing agency |
RUA |
| 082 ## - DEWEY DECIMAL CLASSIFICATION NUMBER |
| Classification number |
VEM PEN 2022 B1.402 Or.1 |
| 100 ## - MAIN ENTRY--AUTHOR NAME |
| Personal name |
PEN SOCHHAKRIT, ប៉ែន សុឆាគ្រីត |
| 245 ## - TITLE STATEMENT |
| Title |
Radiography on urinary bladder on canines at veterinary teaching hospital of royal university of agriculture, វិទ្យុសាស្រ្តលើប្លោកនោមសុនខនៅមន្ទីពេទ្យសត្វ នៃសាកលវិទ្យាល័យភូមិន្ទកសិកម្ម |
| 260 ## - PUBLICATION, DISTRIBUTION, ETC. (IMPRINT) |
| Place of publication |
PHNOM PENH |
| Name of publisher |
RUA |
| Year of publication |
2022 |
| 300 ## - PHYSICAL DESCRIPTION |
| Number of Pages |
x, |
| Other physical details |
ill, |
| Dimensions |
29cm, |
| 856 ## - ELECTRONIC LOCATION AND ACCESS |
| Uniform Resource Identifier |
https://drive.google.com/file/d/1gy6_jbXxLb5k5cFugRE0jp7jlyVtjLtC/view?usp=sharing |
| 942 ## - ADDED ENTRY ELEMENTS (KOHA) |
| Koha item type |
VEM |
| 952 ## - LOCATION AND ITEM INFORMATION (KOHA) |
| Withdrawn status [LOCAL, KOHA] |
0 |
| 952 ## - LOCATION AND ITEM INFORMATION (KOHA) |
| Withdrawn status [LOCAL, KOHA] |
0 |
| 952 ## - LOCATION AND ITEM INFORMATION (KOHA) |
| Withdrawn status [LOCAL, KOHA] |
0 |